书目信息 |
| 题名: |
ENVI图像处理基础实验教程
|
|
| 作者: | 邓磊 , 鲁晗 , 芦佳琪 编著 | |
| 分册: | ||
| 出版信息: | 北京 测绘出版社 2023.01 |
|
| 页数: | 181页, [8] 页图版 | |
| 开本: | 26cm | |
| 丛书名: | ||
| 单 册: | ||
| 中图分类: | TP751 | |
| 科图分类: | ||
| 主题词: | 遥感图象--yao gan tu xiang--图象处理--教材 | |
| 电子资源: | ||
| ISBN: | 978-7-5030-4451-9 | |
| 000 | 01439nam0 2200301 450 | |
| 001 | 96495 | |
| 005 | 20250912194013.96 | |
| 010 | @a978-7-5030-4451-9@dCNY45.00 | |
| 100 | @a20230324d2023 em y0chiy50 ea | |
| 101 | 0 | @achi |
| 102 | @aCN@b110000 | |
| 105 | @aaf a 000yy | |
| 106 | @ar | |
| 200 | 1 | @aENVI图像处理基础实验教程@AENVI tu xiang chu li ji chu shi yan jiao cheng@d= Guide to ENVI image processing@f邓磊, 鲁晗, 芦佳琪编著@zeng |
| 205 | @a第2版 | |
| 210 | @a北京@c测绘出版社@d2023.01 | |
| 215 | @a181页, [8] 页图版@c图 (部分彩图)@d26cm | |
| 300 | @a遥感科学与技术教材 首都示范大学国家级一流本科专业 (地理信息科学) 、北京市一流本科专业 (地理信息科学) 建设项目 | |
| 320 | @a有书目 | |
| 330 | @a本书旨在指导读者在掌握遥感原理的基础上运用遥感软件对遥感图像进行处理, 着重介绍借助ENVI软件对遥感图像进行处理的方法。通过对本书的学习, 读者能够清晰地了解遥感图像处理的基本原理, 并能够掌握遥感图像处理软件的具体操作方法, 实现从学习到应用的快速转化。全书共有21个实验, 主要分为两个部分: 基础操作篇 (前15个实验) 和高级应用篇 (后6个实验) 。基础操作篇为遥感图像处理原理的基础实验, 高级应用篇为结合实际应用的综合实验。 | |
| 510 | 1 | @aGuide to ENVI image processing@zeng |
| 606 | 0 | @a遥感图象@Ayao gan tu xiang@x图象处理@j教材 |
| 690 | @aTP751@v5 | |
| 701 | 0 | @a邓磊@Adeng lei@4编著 |
| 701 | 0 | @a鲁晗@Alu han@4编著 |
| 701 | 0 | @a芦佳琪@Alu jia qi@4编著 |
| 801 | 0 | @aCN@c20250909 |
| 905 | @a河南城建学院图书馆@dTP751@eD293=2 | |
| ENVI图像处理基础实验教程= Guide to ENVI image processing/邓磊, 鲁晗, 芦佳琪编著.-第2版.-北京:测绘出版社,2023.01 |
| 181页, [8] 页图版:图 (部分彩图);26cm |
| 遥感科学与技术教材 首都示范大学国家级一流本科专业 (地理信息科学) 、北京市一流本科专业 (地理信息科学) 建设项目 |
| ISBN 978-7-5030-4451-9:CNY45.00 |
| 本书旨在指导读者在掌握遥感原理的基础上运用遥感软件对遥感图像进行处理, 着重介绍借助ENVI软件对遥感图像进行处理的方法。通过对本书的学习, 读者能够清晰地了解遥感图像处理的基本原理, 并能够掌握遥感图像处理软件的具体操作方法, 实现从学习到应用的快速转化。全书共有21个实验, 主要分为两个部分: 基础操作篇 (前15个实验) 和高级应用篇 (后6个实验) 。基础操作篇为遥感图像处理原理的基础实验, 高级应用篇为结合实际应用的综合实验。 |
| ● |
| 相关链接 |
|
|
|
正题名:ENVI图像处理基础实验教程
索取号:TP751/D293=2
 
预约/预借
| 序号 | 登录号 | 条形码 | 馆藏地/架位号 | 状态 | 备注 |
| 1 | 1631007 | 216310070 | 自科库301/301自科库 136排2列2层/ [索取号:TP751/D293=2] | 在馆 |